[Event "PRO League Group Stage"]
[Site "chess.com INT"]
[Date "2018.02.24"]
[Round "7"]
[White "Boruchovsky, Avital"]
[Black "Sevian, Samuel"]
[Result "1/2-1/2"]
[WhiteTitle "GM"]
[BlackTitle "GM"]
[WhiteElo "2542"]
[BlackElo "2614"]
[WhiteTeam "Estonia Horses"]
[BlackTeam "San Diego Surfers"]
[WhiteFideId "2800055"]
[BlackFideId "2040506"]
[EventDate "2018.01.18"]

1. e4 e5 2. Nf3 Nc6 3. Bb5 a6 4. Ba4 g6 5. O-O Bg7 6. c3 d6 7. d4 Bd7 8. h3 Nf6
9. Re1 O-O 10. d5 Ne7 11. Bxd7 Nxd7 12. c4 h6 13. Nc3 f5 14. Be3 f4 15. Bd2 Nf6
16. c5 g5 17. Qb3 Rb8 18. cxd6 cxd6 19. Nxe5 dxe5 20. d6+ Kh7 21. dxe7 Qxe7 22.
Nd5 Qf7 23. Nxf6+ Bxf6 24. Qxf7+ Rxf7 25. Rad1 Re8 26. Bc3 Re6 27. Rd5 h5 28.
Red1 Kg6 29. f3 Rc7 30. Rd6 Rc6 31. Rxe6 Rxe6 32. a4 g4 33. hxg4 hxg4 34. Rd7 b5
35. axb5 axb5 36. Rd5 Ra6 37. fxg4 Ra1+ 38. Kf2 Bh4+ 39. Ke2 Rg1 40. Rxe5 Rxg2+
41. Kf1 Rxg4 42. Be1 f3 43. Bxh4 Rxh4 44. Rxb5 Rxe4 45. Kf2 Kf6 46. Kxf3 Re1 47.
Rd5 Ke6 48. Rd2 Rh1 49. Rd4 Rh3+ 50. Ke4 Rb3 51. Rd2 Rh3 52. Kf4 Rh4+ 53. Ke3
Rh3+ 54. Ke2 Rh4 55. Kd1 Rc4 56. Rd3 Ke5 57. Kd2 Rc7 58. b3 Rc5 59. Rc3 Kd5 60.
Rd3+ Kc6 61. Rd4 Rh5 62. Kc3 Rh1 63. Kb4 Kb7 64. Rg4 Rh5 65. Ka4 Ka7 66. b4 Kb7
67. Rg6 Ka7 68. Rg7+ Kb6 69. Rg6+ Kb7 70. Kb3 Rh3+ 71. Kc4 Rh4+ 72. Kb3 Rh3+ 73.
Ka4 Rh5 74. Rf6 Rg5 75. Rh6 Rf5 76. b5 Rf1 77. Kb4 Rb1+ 78. Kc4 1/2-1/2

[Event "PRO League Group Stage"]
[Site "chess.com INT"]
[Date "2018.02.24"]
[Round "7"]
[White "Boruchovsky, Avital"]
[Black "Tang, Andrew"]
[Result "1/2-1/2"]
[WhiteTitle "GM"]
[BlackTitle "IM"]
[WhiteElo "2542"]
[BlackElo "2513"]
[WhiteTeam "Estonia Horses"]
[BlackTeam "Minnesota Blizzard"]
[WhiteFideId "2800055"]
[BlackFideId "2059630"]
[EventDate "2018.01.18"]

1. d4 d5 2. Nf3 Nf6 3. c4 e6 4. Nc3 Be7 5. Bg5 h6 6. Bh4 O-O 7. e3 b6 8. cxd5
Nxd5 9. Bxe7 Qxe7 10. Nxd5 exd5 11. Bd3 Be6 12. O-O c5 13. dxc5 bxc5 14. Rc1 Nd7
15. Bb1 Rfc8 16. Qd2 Rab8 17. b3 Nf6 18. h3 Qd8 19. Rfd1 a5 20. Ne5 a4 21. bxa4
Qe8 22. Nd3 Ne4 23. Qe1 Qxa4 24. f3 c4 25. fxe4 cxd3 26. Rxc8+ Rxc8 27. exd5
Bxd5 28. Rxd3 Bxa2 29. Rd4 Qa3 30. Bxa2 Qxa2 31. Kh2 Qb2 32. Qg3 Rc1 33. Qe5 Qf2
34. Qe8+ Kh7 35. Rf4 Qg1+ 36. Kg3 Qe1+ 37. Kh2 Qg1+ 38. Kg3 Qe1+ 39. Kh2 Qg1+ 1/2-1/2

[Event "PRO League Group Stage"]
[Site "chess.com INT"]
[Date "2018.02.24"]
[Round "7"]
[White "Boruchovsky, Avital"]
[Black "Quesada Perez, Yuniesky"]
[Result "0-1"]
[WhiteTitle "GM"]
[BlackTitle "GM"]
[WhiteElo "2542"]
[BlackElo "2627"]
[WhiteTeam "Estonia Horses"]
[BlackTeam "Miami Champions"]
[WhiteFideId "2800055"]
[BlackFideId "3504409"]
[EventDate "2018.01.18"]

1. e4 c5 2. Nf3 Nc6 3. Bb5 Nf6 4. Nc3 Qc7 5. O-O e6 6. Re1 Nd4 7. Nxd4 cxd4 8.
Ne2 Ng4 9. Ng3 h5 10. Be2 d3 11. cxd3 Nxf2 12. Kf1 Nxd1 0-1

[Event "PRO League Group Stage"]
[Site "chess.com INT"]
[Date "2018.02.24"]
[Round "7"]
[White "Abrahamyan, Tatev"]
[Black "Admiraal, Miguoel"]
[Result "0-1"]
[WhiteTitle "WGM"]
[BlackTitle "IM"]
[WhiteElo "2332"]
[BlackElo "2453"]
[WhiteTeam "San Diego Surfers"]
[BlackTeam "Amsterdam Mosquitoes"]
[WhiteFideId "13301918"]
[BlackFideId "1019716"]
[EventDate "2018.01.18"]

1. e4 c6 2. d4 d5 3. Nc3 dxe4 4. Nxe4 Bf5 5. Ng3 Bg6 6. h4 h6 7. Nf3 e6 8. Ne5
Bh7 9. Bd3 Bxd3 10. Qxd3 Nd7 11. f4 Bb4+ 12. c3 Be7 13. Be3 Ngf6 14. O-O-O c5
15. Kb1 O-O 16. Ne4 cxd4 17. Bxd4 Nxe5 18. fxe5 Nxe4 19. Qxe4 Qc7 20. g4 Rad8
21. Rdf1 Bc5 22. g5 Bxd4 23. cxd4 h5 24. g6 fxg6 25. Qxg6 Qc4 26. Rc1 Qd5 27.
Rhg1 Rf7 28. Qxh5 Qxd4 29. Qg5 Qd2 30. Qg4 Qd3+ 31. Ka1 Qf5 32. Qg3 Qf4 33. Qb3
Qxe5 34. Qxb7 Rxb7 0-1

[Event "PRO League Group Stage"]
[Site "chess.com INT"]
[Date "2018.02.24"]
[Round "7"]
[White "Abrahamyan, Tatev"]
[Black "Cooper, Lawrence H"]
[Result "1/2-1/2"]
[WhiteTitle "WGM"]
[BlackTitle "IM"]
[WhiteElo "2332"]
[BlackElo "2347"]
[WhiteTeam "San Diego Surfers"]
[BlackTeam "London Lions"]
[WhiteFideId "13301918"]
[BlackFideId "401536"]
[EventDate "2018.01.18"]

1. e4 e5 2. Nf3 Nc6 3. Bc4 Bc5 4. O-O Nf6 5. d3 a6 6. c3 Ba7 7. Nbd2 O-O 8. Re1
d6 9. Bb3 Nh5 10. Nf1 Qf6 11. Ne3 Nf4 12. Nd5 Nxd5 13. exd5 Nb8 14. h3 Qg6 15.
Nh4 Qf6 16. Nf3 Qg6 17. Nh4 Qf6 18. Nf3 Qg6 1/2-1/2

[Event "PRO League Group Stage"]
[Site "chess.com INT"]
[Date "2018.02.24"]
[Round "7"]
[White "Abrahamyan, Tatev"]
[Black "Stokke, Kjetil"]
[Result "1/2-1/2"]
[WhiteTitle "WGM"]
[BlackTitle "IM"]
[WhiteElo "2332"]
[BlackElo "2336"]
[WhiteTeam "San Diego Surfers"]
[BlackTeam "Oslo Trolls"]
[WhiteFideId "13301918"]
[BlackFideId "1502964"]
[EventDate "2018.01.18"]

1. e4 c5 2. Nf3 g6 3. d4 cxd4 4. Nxd4 Nc6 5. Nc3 Bg7 6. Be3 Nf6 7. Bc4 Qa5 8.
O-O O-O 9. Bb3 d6 10. h3 Bd7 11. f4 Nxd4 12. Bxd4 Bc6 13. e5 dxe5 14. fxe5 Nh5
15. Qe1 Rad8 16. Rd1 Rxd4 17. Rxd4 Bxe5 18. Rd3 Qc7 19. Ne4 Bh2+ 20. Kh1 Bxe4
21. Qxe4 Ng3+ 22. Rxg3 Bxg3 23. Qf3 Kg7 24. Bxf7 Be5 25. Qb3 Qc5 26. Bc4 Rxf1+
27. Bxf1 Qf2 28. Qf3 Qe1 29. b3 b6 30. g4 Qd2 31. Qg2 Qf4 32. Bd3 Bd4 33. Qe2
Bc5 34. Kg2 Bd6 35. Qf3 Qh2+ 36. Kf1 Bc5 37. Bc4 Qe5 38. h4 Qf6 39. Qxf6+ Kxf6
40. Kg2 h6 41. Kf3 Ke5 42. Bf7 g5 43. hxg5 hxg5 44. a4 Kd4 45. Bg6 Bd6 46. Bf5
Bf4 47. Bg6 1/2-1/2

[Event "PRO League Group Stage"]
[Site "chess.com INT"]
[Date "2018.02.24"]
[Round "7"]
[White "Abrahamyan, Tatev"]
[Black "Gonzalez, Francisco Silva"]
[Result "1/2-1/2"]
[WhiteTitle "WGM"]
[WhiteElo "2332"]
[BlackElo "2076"]
[WhiteTeam "San Diego Surfers"]
[BlackTeam "Norway Gnomes"]
[WhiteFideId "13301918"]
[BlackFideId "1512285"]
[EventDate "2018.01.18"]

1. e4 e5 2. Nf3 Nc6 3. Bb5 a6 4. Ba4 Nf6 5. d3 Bc5 6. O-O b5 7. Bb3 d6 8. Nc3
Bg4 9. Be3 Nd4 10. Bxd4 Bxd4 11. a4 c6 12. h3 Bxf3 13. Qxf3 O-O 14. Nd1 Qe7 15.
c3 Bb6 16. Ne3 g6 17. Ra2 Rab8 18. axb5 axb5 19. Rfa1 Nd7 20. Qg3 Kh8 21. Qg4
Nc5 22. Bc2 Ne6 23. b4 h5 24. Qf3 Nf4 25. Ra6 Qg5 26. Kh2 Kg7 27. g3 Ne6 28. Bb3
Nc7 29. R6a2 Rbd8 30. h4 Qe7 31. Kg2 Rb8 32. Ra3 Qd7 33. R3a2 Qe7 34. Ra3 Ne6
35. Ra6 Nc7 36. R6a2 Ne6 37. Ra6 Nc7 38. R6a2 Ne6 39. Ra6 1/2-1/2

[Event "PRO League Group Stage"]
[Site "chess.com INT"]
[Date "2018.02.24"]
[Round "7"]
[White "Trakru, Rohun"]
[Black "Bordi, Kevin"]
[Result "1/2-1/2"]
[WhiteTitle "CM"]
[WhiteElo "1746"]
[BlackElo "2282"]
[WhiteTeam "Rio Grande Ospreys"]
[BlackTeam "Cannes Blockbusters"]
[WhiteFideId "2097613"]
[BlackFideId "621862"]
[EventDate "2018.01.18"]

1. d4 Nf6 2. c4 c6 3. Nf3 d5 4. Qc2 g6 5. e3 Bf5 6. Bd3 Bxd3 7. Qxd3 Bg7 8. Nc3
O-O 9. O-O e6 10. e4 dxe4 11. Nxe4 Nbd7 12. Bg5 h6 13. Bh4 Qa5 14. Rfd1 Nxe4 15.
Qxe4 Nf6 16. Qe5 Qxe5 17. dxe5 Ne4 18. Rd4 Ng5 19. Nxg5 hxg5 20. Bxg5 Bxe5 21.
Rd2 1/2-1/2

[Event "PRO League Group Stage"]
[Site "chess.com INT"]
[Date "2018.02.24"]
[Round "7"]
[White "Trakru, Rohun"]
[Black "Manukian, Artak"]
[Result "0-1"]
[WhiteTitle "CM"]
[WhiteElo "1746"]
[BlackElo "2196"]
[WhiteTeam "Rio Grande Ospreys"]
[BlackTeam "Armenia Eagles"]
[WhiteFideId "2097613"]
[BlackFideId "13301373"]
[EventDate "2018.01.18"]

1. d4 d5 2. c4 Bf5 3. Nf3 e6 4. g3 Nc6 5. Qa4 dxc4 6. Qxc4 Nb4 7. Na3 Nf6 8. Bg2
c6 9. O-O Be7 10. Bg5 O-O 11. Bxf6 gxf6 12. Rfe1 Be4 13. Nd2 Bxg2 14. Kxg2 f5
15. e4 fxe4 16. Nxe4 Qd5 17. Qxd5 cxd5 18. Nc3 a6 19. Re2 Rac8 20. Rc1 Nd3 21.
Nxd5 Bxa3 22. Rxc8 Rxc8 23. Nf6+ Kg7 24. bxa3 Kxf6 25. Re3 Nc1 26. Kf3 Nxa2 27.
Rb3 Rc3+ 28. Rxc3 Nxc3 0-1

[Event "PRO League Group Stage"]
[Site "chess.com INT"]
[Date "2018.02.24"]
[Round "7"]
[White "Trakru, Rohun"]
[Black "Parnali, S Dharia"]
[Result "1-0"]
[WhiteTitle "CM"]
[BlackTitle "WIM"]
[WhiteElo "1746"]
[BlackElo "2082"]
[WhiteTeam "Rio Grande Ospreys"]
[BlackTeam "Mumbai Movers"]
[WhiteFideId "2097613"]
[BlackFideId "5043131"]
[EventDate "2018.01.18"]

1. d4 d5 2. c4 e6 3. Nf3 Nf6 4. g3 c5 5. Bg2 Nc6 6. cxd5 exd5 7. O-O Be7 8. Nc3
O-O 9. Bg5 c4 10. Re1 Bf5 11. Nh4 Be6 12. Nf3 Ne4 13. Bxe7 Qxe7 14. Nd2 f5 15.
f3 Nxc3 16. bxc3 f4 17. e4 fxe3 18. Rxe3 Qd6 19. Qe2 Bf5 20. Re1 Bd3 21. Qd1
Rad8 22. f4 a6 23. Qh5 Bg6 24. Qg5 h6 25. Qg4 Bf5 26. Qf3 Rd7 27. Re8 Rxe8 28.
Rxe8+ Kh7 29. Qe2 Re7 30. Rxe7 Qxe7 31. Kf2 Qa3 32. Qe3 Qd6 33. Qf3 Ne7 34. g4
Bd3 35. Qe3 Ng6 36. f5 Nf4 37. Qe5 Qxe5 38. dxe5 Nxg2 39. Kxg2 Kg8 40. Kf3 a5
41. Ke3 Bc2 42. Kd4 Bd1 43. h3 Be2 44. Kxd5 b5 45. Kc5 b4 46. cxb4 c3 47. Nb3 a4
48. Nc1 Bf1 49. b5 Bxh3 50. b6 Bg2 51. Kd6 Kf8 52. e6 Ke8 53. Kc7 Bd5 54. b7
Bxb7 55. Kxb7 Ke7 56. Kc6 g6 57. Kd5 h5 58. f6+ Kxf6 59. Kd6 hxg4 60. e7 g3 61.
e8=Q g2 62. Qe1 Kf7 63. Qf2+ Kg7 64. Qxg2 Kh7 65. Qc2 Kh8 66. Qxc3+ Kh7 67. Qb4
Kg7 68. Qxa4 Kh7 69. Qb4 Kh8 70. a4 g5 71. a5 g4 72. Qxg4 Kh7 73. a6 Kh6 74. a7
Kh7 75. a8=Q Kh6 76. Qh8# 1-0

[Event "PRO League Group Stage"]
[Site "chess.com INT"]
[Date "2018.02.24"]
[Round "7"]
[White "Trakru, Rohun"]
[Black "Skuhala, Luka"]
[Result "0-1"]
[WhiteTitle "CM"]
[WhiteElo "1746"]
[BlackElo "2059"]
[WhiteTeam "Rio Grande Ospreys"]
[BlackTeam "Ljubljana Turtles"]
[WhiteFideId "2097613"]
[BlackFideId "14605678"]
[EventDate "2018.01.18"]

1. d4 Nf6 2. c4 e6 3. g3 d5 4. Bg2 Be7 5. Nf3 O-O 6. Qc2 a6 7. O-O dxc4 8. Qxc4
b5 9. Qd3 Bb7 10. Nc3 Nbd7 11. Re1 b4 12. Nb1 Be4 13. Qd1 c5 14. Nbd2 Bb7 15. e3
cxd4 16. exd4 Rc8 17. Nb3 a5 18. Bf4 Nd5 19. Be3 a4 20. Nbd2 a3 21. bxa3 bxa3
22. Nb3 Nc3 23. Qd3 Be4 24. Qf1 Bd5 25. Qd3 Be4 26. Qa6 Nb8 27. Qf1 Nc6 28. Bd2
Bxf3 29. Bxf3 Nd5 30. Qd3 Ncb4 31. Bxb4 Nxb4 32. Qb5 Nc2 33. Qd3 Nxa1 34. Rxa1
Rb8 35. Rc1 Rc8 36. Rd1 Qb6 37. Bg4 Rfd8 38. Qe2 Rc7 39. Kg2 Bf6 40. d5 exd5 41.
Re1 g6 42. Bf3 d4 43. Qd3 Rc3 44. Qe4 Rxb3 45. axb3 Qxb3 46. Qb1 Qxb1 47. Rxb1
d3 48. Ra1 Bxa1 0-1

[Event "PRO League Group Stage"]
[Site "chess.com INT"]
[Date "2018.02.24"]
[Round "7"]
[White "Bacrot, Alexandre"]
[Black "Macieja, Bartlomiej"]
[Result "0-1"]
[BlackTitle "GM"]
[WhiteElo "2192"]
[BlackElo "2550"]
[WhiteTeam "Marseille Migraines"]
[BlackTeam "Rio Grande Ospreys"]
[WhiteFideId "26076837"]
[BlackFideId "1104306"]
[EventDate "2018.01.18"]

1. e4 c5 2. Nf3 Nc6 3. c4 e5 4. Nc3 d6 5. g3 g6 6. Bg2 Bg7 7. d3 Nge7 8. O-O O-O
9. Nh4 Nd4 10. f4 exf4 11. gxf4 Nec6 12. Nf3 Bg4 13. Be3 f5 14. Nd5 Qd7 15. h3
Bh5 16. Kh2 Rae8 17. Qd2 Nxf3+ 18. Bxf3 Bxf3 19. Rxf3 fxe4 20. dxe4 Rxe4 21.
Bxc5 Rxc4 22. Ba3 Nd4 23. Re3 Rc2 24. Qxc2 Nxc2 25. Re7 0-1

[Event "PRO League Group Stage"]
[Site "chess.com INT"]
[Date "2018.02.24"]
[Round "7"]
[White "Bacrot, Alexandre"]
[Black "Obregon, Andres Carlos"]
[Result "0-1"]
[BlackTitle "GM"]
[WhiteElo "2192"]
[BlackElo "2514"]
[WhiteTeam "Marseille Migraines"]
[BlackTeam "Buenos Aires Krakens"]
[WhiteFideId "26076837"]
[BlackFideId "111724"]
[EventDate "2018.01.18"]

1. e4 e5 2. Nf3 Nc6 3. Bc4 Nf6 4. d4 exd4 5. e5 d5 6. Bb5 Ne4 7. Nxd4 Bd7 8.
Nxc6 bxc6 9. Bd3 Qh4 10. Be3 Nc5 11. O-O Be7 12. Be2 O-O 13. Nd2 Qb4 14. Nb3 Ne6
15. f4 f5 16. c4 Rad8 17. cxd5 Bc8 18. Bf3 Kh8 19. a3 Qb5 20. Be2 Qxd5 21. Qc2
c5 22. Rac1 Nd4 23. Bxd4 cxd4 24. Bf3 Qb5 25. Qxc7 Bxa3 26. Nxd4 Qxb2 27. Ne2
Ba6 28. Rce1 Bb4 29. Qxa7 Bxe1 30. Qxa6 Bb4 31. Qc4 Rc8 32. Qa6 Rc2 33. e6 Bc5+
34. Kh1 Qb3 35. Qc6 Qc4 36. Qd7 Rxe2 37. Bxe2 Qxe2 38. Rd1 h6 39. h3 Qe3 40. Qc7
Rf6 41. Rd8+ Kh7 42. Rd7 Qg1# 0-1

[Event "PRO League Group Stage"]
[Site "chess.com INT"]
[Date "2018.02.24"]
[Round "7"]
[White "Bacrot, Alexandre"]
[Black "Mikhalevski, Victor"]
[Result "0-1"]
[BlackTitle "GM"]
[WhiteElo "2192"]
[BlackElo "2538"]
[WhiteTeam "Marseille Migraines"]
[BlackTeam "Seattle Sluggers"]
[WhiteFideId "26076837"]
[BlackFideId "2801914"]
[EventDate "2018.01.18"]

1. e4 e5 2. Nf3 Nc6 3. Bc4 Bc5 4. c3 Nf6 5. d3 O-O 6. O-O d6 7. a4 a5 8. Re1 Ne7
9. Nbd2 Ng6 10. Nf1 c6 11. Ng3 h6 12. Be3 Bxe3 13. Rxe3 d5 14. exd5 cxd5 15. Bb5
Qd6 16. d4 e4 17. Nd2 Ng4 18. Re1 f5 19. h3 Nf6 20. Qb3 Kh7 21. c4 f4 22. Ngf1
f3 23. gxf3 Nf4 24. fxe4 Nxh3+ 25. Kg2 Nxe4 26. Nxe4 dxe4 27. Qg3 Rxf2+ 28. Kh1
Rxf1+ 0-1

[Event "PRO League Group Stage"]
[Site "chess.com INT"]
[Date "2018.02.24"]
[Round "7"]
[White "Bacrot, Alexandre"]
[Black "Le, Tuan Minh"]
[Result "0-1"]
[BlackTitle "IM"]
[WhiteElo "2192"]
[BlackElo "2485"]
[WhiteTeam "Marseille Migraines"]
[BlackTeam "Pittsburgh Pawngrabbers"]
[WhiteFideId "26076837"]
[BlackFideId "12401153"]
[EventDate "2018.01.18"]

1. e4 c5 2. Nf3 d6 3. Nc3 Nf6 4. e5 dxe5 5. Nxe5 a6 6. a4 e6 7. g3 Nbd7 8. Nc4
Nb6 9. Ne3 Be7 10. Bg2 O-O 11. O-O Nbd5 12. Nexd5 exd5 13. d4 Bg4 14. f3 Be6 15.
Kh1 Rc8 16. Bg5 cxd4 17. Qxd4 h6 18. Bf4 Rc4 19. Qd2 Qb6 20. b3 Rc6 21. Ne2 Bb4
22. c3 Bc5 23. b4 Be7 24. Nd4 Rc4 25. a5 Qd8 26. Nxe6 fxe6 27. Bh3 Bd6 28. Bxe6+
Kh8 29. Be3 Be5 30. Rac1 Re8 31. Bb6 Qd6 32. Bf5 Bxg3 33. hxg3 Nh5 34. Bf2 Nxg3+
35. Bxg3 Qxg3 36. Qg2 Rh4+ 37. Kg1 Qf4 38. Bg4 h5 39. Qf2 Qg5 40. Rce1 Rxe1 41.
Rxe1 hxg4 42. f4 Qh5 43. Qg2 Qf5 44. Re8+ Kh7 45. Qf2 g3 46. Qe2 Qb1+ 47. Qe1
Qf5 48. Qe2 Rh2 49. Qe1 Rh1+ 50. Kxh1 Qh3+ 51. Kg1 Qh2+ 52. Kf1 g2+ 53. Ke2
g1=Q+ 54. Kd1 Qxe1+ 0-1

[Event "PRO League Group Stage"]
[Site "chess.com INT"]
[Date "2018.02.24"]
[Round "7"]
[White "Yanchenko, Roman"]
[Black "Aghasaryan, Robert"]
[Result "1-0"]
[WhiteTitle "FM"]
[BlackTitle "GM"]
[WhiteElo "2436"]
[BlackElo "2531"]
[WhiteTeam "London Towers"]
[BlackTeam "Las Vegas Desert Rats"]
[WhiteFideId "4137329"]
[BlackFideId "13302841"]
[EventDate "2018.01.18"]

1. d4 d5 2. Nf3 Nf6 3. Bf4 c5 4. e3 Nc6 5. c3 cxd4 6. exd4 g6 7. Bd3 Bg7 8. O-O
O-O 9. Nbd2 Nh5 10. Bg5 Qd6 11. Re1 Bd7 12. Nf1 Rae8 13. Ng3 Nf4 14. Bb5 h6 15.
Bxf4 Qxf4 16. Bxc6 Bxc6 17. Ne5 Qf6 18. Nf1 Qd6 19. Nxc6 bxc6 20. Nd2 c5 21. Nf3
cxd4 22. cxd4 e6 23. Qd2 Rb8 24. Rac1 Qb4 25. Re2 Qxd2 26. Rxd2 Rb4 27. b3 a5
28. g3 a4 29. bxa4 Rxa4 30. Kg2 Rfa8 31. Rcc2 Bf6 32. Ne5 Bxe5 33. dxe5 g5 34.
Rb2 Kg7 35. h3 Kg6 36. g4 h5 37. f3 h4 38. Kf2 Ra3 39. Rbc2 Kg7 40. Ke2 R8a5 41.
Kf2 1-0

[Event "PRO League Group Stage"]
[Site "chess.com INT"]
[Date "2018.02.24"]
[Round "7"]
[White "Yanchenko, Roman"]
[Black "Sevian, Samuel"]
[Result "1/2-1/2"]
[WhiteTitle "FM"]
[BlackTitle "GM"]
[WhiteElo "2436"]
[BlackElo "2614"]
[WhiteTeam "London Towers"]
[BlackTeam "San Diego Surfers"]
[WhiteFideId "4137329"]
[BlackFideId "2040506"]
[EventDate "2018.01.18"]

1. d4 Nf6 2. Nf3 e6 3. c4 Bb4+ 4. Bd2 Qe7 5. e3 O-O 6. Bd3 b6 7. O-O Bb7 8. a3
Bxd2 9. Nbxd2 d6 10. Qc2 Nbd7 11. Ne4 h6 12. b4 e5 13. c5 bxc5 14. bxc5 dxc5 15.
dxe5 Ng4 16. Rab1 Bd5 17. h3 Ngxe5 18. Nxe5 Nxe5 19. Qxc5 Qe6 20. Bc2 Nd7 21.
Qd4 c5 22. Qd1 Rad8 23. Nc3 Bc4 24. Re1 Ne5 25. Qh5 Bd3 26. Bxd3 Nxd3 27. Red1
Nxf2 28. Rxd8 Rxd8 29. Qxc5 Rd2 30. Qh5 Ne4 31. Nxe4 Rxg2+ 32. Kxg2 Qxe4+ 33.
Qf3 Qxb1 34. Qa8+ Kh7 35. Qxa7 Qc2+ 1/2-1/2

[Event "PRO League Group Stage"]
[Site "chess.com INT"]
[Date "2018.02.24"]
[Round "7"]
[White "Yanchenko, Roman"]
[Black "Tang, Andrew"]
[Result "0-1"]
[WhiteTitle "FM"]
[BlackTitle "IM"]
[WhiteElo "2436"]
[BlackElo "2513"]
[WhiteTeam "London Towers"]
[BlackTeam "Minnesota Blizzard"]
[WhiteFideId "4137329"]
[BlackFideId "2059630"]
[EventDate "2018.01.18"]

1. d4 d5 2. Nf3 Nf6 3. Bf4 e6 4. e3 c5 5. c4 Nc6 6. Nc3 cxd4 7. exd4 Bb4 8. a3
Bxc3+ 9. bxc3 O-O 10. Bd3 Qa5 11. Qc2 dxc4 12. Bxc4 Nxd4 13. Nxd4 e5 14. Bd2
exd4 15. O-O Bf5 16. cxd4 Bxc2 17. Bxa5 Rac8 18. Be2 b6 19. Bd2 Rfd8 20. Ba6 Rc6
21. Be3 Nd5 22. a4 Be4 23. Bb7 Rg6 24. g3 h5 25. Bxd5 Rxd5 26. f3 Bd3 27. Rfd1
Be2 28. Rdc1 Bxf3 29. Rc8+ Kh7 30. Rc7 Rf5 31. Rxa7 h4 32. Bf2 Bd5 33. a5 Rgf6
34. Rf1 hxg3 0-1

[Event "PRO League Group Stage"]
[Site "chess.com INT"]
[Date "2018.02.24"]
[Round "7"]
[White "Yanchenko, Roman"]
[Black "Quesada Perez, Yuniesky"]
[Result "0-1"]
[WhiteTitle "FM"]
[BlackTitle "GM"]
[WhiteElo "2436"]
[BlackElo "2627"]
[WhiteTeam "London Towers"]
[BlackTeam "Miami Champions"]
[WhiteFideId "4137329"]
[BlackFideId "3504409"]
[EventDate "2018.01.18"]

1. d4 Nf6 2. Nf3 d5 3. c4 e6 4. Nc3 c6 5. Bg5 Nbd7 6. e3 h6 7. Bh4 g5 8. Bg3 Nh5
9. Be2 Nxg3 10. hxg3 Bg7 11. Qc2 Qe7 12. a3 Nb6 13. b3 dxc4 14. bxc4 c5 15. Ne5
Bd7 16. Nxd7 Nxd7 17. d5 Qf6 18. Rc1 Qxc3+ 19. Qxc3 Bxc3+ 20. Rxc3 Ke7 21. dxe6
fxe6 22. Bf3 Rab8 23. Ke2 Nf6 24. Rb1 b6 25. Rd3 Rhc8 26. Ke1 Rd8 27. Rxd8 Rxd8
28. Ke2 Nd7 29. Rh1 Rh8 30. Bc6 Ne5 31. Bb5 a6 32. Bxa6 Ra8 33. Bb5 Rxa3 34. Rd1
Rc3 35. Kd2 Rb3 36. Ke2 Rb4 37. f4 Nxc4 38. Rd7+ Kf6 39. Bxc4 Rxc4 40. Kf3 b5
41. Rh7 b4 42. Rxh6+ Kg7 43. Rh1 b3 44. Rb1 Rc3 45. Ke4 c4 46. g4 Rc2 47. f5
exf5+ 48. gxf5 b2 0-1

[Event "PRO League Group Stage"]
[Site "chess.com INT"]
[Date "2018.02.24"]
[Round "7"]
[White "Bordi, Kevin"]
[Black "Chen, Forest"]
[Result "1-0"]
[WhiteElo "2282"]
[BlackElo "2107"]
[WhiteTeam "Cannes Blockbusters"]
[BlackTeam "Saint Louis Arch Bishops"]
[WhiteFideId "621862"]
[BlackFideId "30908205"]
[EventDate "2018.01.18"]

1. d4 d5 2. Nf3 Nf6 3. e3 e6 4. c4 a6 5. Nc3 Be7 6. b3 O-O 7. Bd3 b6 8. O-O Bb7
9. Bb2 c5 10. cxd5 Nxd5 11. dxc5 Bxc5 12. Ne4 Be7 13. a3 Nd7 14. Rc1 N7f6 15.
Qe2 Nxe4 16. Bxe4 Bf6 17. Rfd1 Qe7 18. Ne5 Rac8 19. b4 h6 20. Bxd5 Bxd5 21. Qxa6
Ra8 22. Qxb6 Bxe5 23. Bxe5 Qg5 24. Bg3 Rxa3 25. h4 Qg4 26. Qd4 Qe2 27. Rd2 Qb5
28. Qc5 Qb7 29. f3 Rb3 30. e4 Bxe4 31. fxe4 Rxg3 32. e5 Rb8 33. Rcd1 Qxb4 34.
Rd8+ Kh7 35. Qc2+ g6 36. Qf2 Rxg2+ 37. Kxg2 Qg4+ 38. Kh2 Rb7 39. R8d7 Qe4 40.
Qxf7+ 1-0

[Event "PRO League Group Stage"]
[Site "chess.com INT"]
[Date "2018.02.24"]
[Round "7"]
[White "Bordi, Kevin"]
[Black "Safin, Artur"]
[Result "0-1"]
[WhiteElo "2282"]
[BlackElo "2229"]
[WhiteTeam "Cannes Blockbusters"]
[BlackTeam "Dallas Destiny"]
[WhiteFideId "621862"]
[BlackFideId "2041367"]
[EventDate "2018.01.18"]

1. g4 d5 2. Bg2 e6 3. d3 c5 4. c4 Nc6 5. Nc3 d4 6. Ne4 f5 7. Ng3 Bd6 8. Nf3 Nf6
9. g5 Ng4 10. h3 Ne3 11. fxe3 Bxg3+ 12. Kf1 O-O 13. exd4 cxd4 14. g6 h6 15. Bd2
e5 16. Be1 Bxe1 17. Qxe1 Qf6 18. Qh4 Qxg6 19. Rg1 Qf6 20. Qxf6 Rxf6 21. a3 Bd7
22. b4 Re8 23. Nd2 e4 24. Nb3 exd3 25. exd3 Re3 26. Rd1 f4 27. Bd5+ Kf8 28. Bxc6
bxc6 29. c5 f3 30. Nxd4 f2 31. Rh1 Bxh3+ 32. Rxh3 Rxh3 33. Kg2 Rxd3 34. Ne6+ Ke7 0-1

[Event "PRO League Group Stage"]
[Site "chess.com INT"]
[Date "2018.02.24"]
[Round "7"]
[White "Bordi, Kevin"]
[Black "Patel, Advait"]
[Result "1/2-1/2"]
[BlackTitle "IM"]
[WhiteElo "2282"]
[BlackElo "2478"]
[WhiteTeam "Cannes Blockbusters"]
[BlackTeam "Montclair Sopranos"]
[WhiteFideId "621862"]
[BlackFideId "2075105"]
[EventDate "2018.01.18"]

1. d4 Nf6 2. Bg5 d5 3. Bxf6 exf6 4. e3 c6 5. c4 Be6 6. cxd5 Bxd5 7. Nc3 Bb4 8.
Ne2 O-O 9. a3 Bxc3+ 10. Nxc3 f5 11. Nxd5 Qxd5 12. Qf3 Qxf3 13. gxf3 Nd7 14. f4
a5 15. Bg2 Nf6 16. Ke2 Ne4 17. Rhc1 Rfd8 18. Rc2 Kf8 19. Rac1 Rd5 20. Bxe4 fxe4
21. Rc5 Rad8 22. f3 exf3+ 23. Kxf3 Ke7 24. R1c4 Rxc5 25. Rxc5 Rd5 26. b4 axb4
27. axb4 Kd6 28. Ke4 g6 29. Kd3 1/2-1/2